000 00739cam a2200241 a 4500
001 000003644
005 20200929150520.0
008 960312s1997 sp 001 0 spa
020 _a8440676093
040 _aDO-SdBNP
_bspa
_cBNPHU
082 _a813.54
_bG869j
100 1 _aGrisham, John
_911177
240 1 4 _aThe runaway jury.
_lEspañol
245 1 3 _aEl jurado /
_cJohn Grisham ; traducción, Mercé López.
260 _aEspaña :
_bBiblioteca de bolsillo,
_c1997.
300 _a611 p. ;
_c19 cm.
534 _pTítulo original:
_tThe runaway jury
650 4 _aNovela estadounidense
_9262
650 4 _aLiteratura estadounidense
_9263
700 1 _aMercé, López,
_etr.
_911178
910 _aCatalogación derivada
910 _aWM
999 _c3467
_d3467